Chronic illness : (Record no. 13579)
[ view plain ]
| 000 -LEADER | |
|---|---|
| fixed length control field | 02909cam a22004454a 4500 |
| 001 - CONTROL NUMBER | |
| control field | 15469497 |
| 005 - DATE AND TIME OF LATEST TRANSACTION | |
| control field | 20090313151849.0 |
| 008 - FIXED-LENGTH DATA ELEMENTS--GENERAL INFORMATION | |
| fixed length control field | 080926s2009 maua b 001 0 eng |
| 010 ## - LIBRARY OF CONGRESS CONTROL NUMBER | |
| LC control number | 2008042656 |
| 016 7# - NATIONAL BIBLIOGRAPHIC AGENCY CONTROL NUMBER | |
| Record control number | 101485428 |
| Source | DNLM |
| 020 ## - INTERNATIONAL STANDARD BOOK NUMBER | |
| International Standard Book Number | 9780763751265 (hbk. : alk. paper) |
| 020 ## - INTERNATIONAL STANDARD BOOK NUMBER | |
| International Standard Book Number | 076375126X (hbk. : alk. paper) |
| 035 ## - SYSTEM CONTROL NUMBER | |
| System control number | (OCoLC)259902106 |
| Canceled/invalid control number | (OCoLC)244056960 |
| 035 ## - SYSTEM CONTROL NUMBER | |
| System control number | (OCoLC)ocn259902106 |
| 040 ## - CATALOGING SOURCE | |
| Original cataloging agency | DNLM/DLC |
| Transcribing agency | DLC |
| Modifying agency | BTCTA |
| -- | BAKER |
| -- | YDXCP |
| -- | NLM |
| -- | C#P |
| -- | CDX |
| -- | DLC |
| 042 ## - AUTHENTICATION CODE | |
| Authentication code | pcc |
| 050 00 - LIBRARY OF CONGRESS CALL NUMBER | |
| Classification number | RC108 |
| Item number | .L83 2009 |
| 060 00 - NATIONAL LIBRARY OF MEDICINE CALL NUMBER | |
| Classification number | 2009 C-090 |
| 060 10 - NATIONAL LIBRARY OF MEDICINE CALL NUMBER | |
| Classification number | WT 500 |
| Item number | C5577 2009 |
| 082 00 - DEWEY DECIMAL CLASSIFICATION NUMBER | |
| Classification number | 616.044 |
| Edition number | 22 |
| Item number | CHR |
| 245 00 - TITLE STATEMENT | |
| Title | Chronic illness : |
| Remainder of title | impact and intervention / |
| Statement of responsibility, etc | [edited by] Pamala D. Larsen, Ilene Morof Lubkin. |
| 250 ## - EDITION STATEMENT | |
| Edition statement | 7th ed. |
| 260 ## - PUBLICATION, DISTRIBUTION, ETC. (IMPRINT) | |
| Place of publication, distribution, etc | Sudbury, Mass. : |
| Name of publisher, distributor, etc | Jones and Bartlett Publishers, |
| Date of publication, distribution, etc | c2009. |
| 300 ## - PHYSICAL DESCRIPTION | |
| Extent | xvii, 634 p. : |
| Other physical details | ill. ; |
| Dimensions | 24 cm. |
| 500 ## - GENERAL NOTE | |
| General note | Includes Index. |
| 504 ## - BIBLIOGRAPHY, ETC. NOTE | |
| Bibliography, etc | Includes bibliographical references and index. |
| 505 0# - FORMATTED CONTENTS NOTE | |
| Formatted contents note | Chronicity / Pamala D. Larsen -- Illness behavior / Pamala D. Larsen -- Stigma / Diane L. Stuenkel and Vivian K. Wong -- Adaptation / Pamala D. Larsen and Faye I. Hummel -- Social isolation / Diana Luskin Biordi and Nicholas R. Nicholson -- Body image / Diana Luskin Biordi -- Quality of life / Victoria Schirm -- Adherence / Jill Berg ... [et al.] -- Family caregiving / Linda L. Pierce and Barbara J. Lutz -- Sexuality / Margaret Chamberlain Wilmoth -- Powerlessness / Faye I. Hummel -- Culture / Pamala D. Larsen and Sonya R. Hardin -- Self care / Judith E. Hertz -- Client and family education / Elaine T. Miller -- Health promotion / Alicia Huckstadt -- The role of the advanced practice nurse in chronic illness / Lisa L. Onega -- Symptom management / Linda L. Steele and James R. Steele -- Alternative, complementary, and integrative therapies / Lisa L. Onega -- Models of care / Pamala D. Larsen -- Home health care / Cynthia S. Jacelon -- Long-term care / Kristen L. Mauk and Susan J. Barnes -- Palliative care / Barbara M. Raudonis -- Policy and politics / Betty Smith-Campbell -- Rehabilitation / Kristen L. Mauk. |
| 650 #0 - SUBJECT ADDED ENTRY--TOPICAL TERM | |
| Topical term or geographic name as entry element | Chronic diseases |
| General subdivision | Psychological aspects. |
| 9 (RLIN) | 12229 |
| 650 #0 - SUBJECT ADDED ENTRY--TOPICAL TERM | |
| Topical term or geographic name as entry element | Chronic diseases |
| General subdivision | Nursing. |
| 9 (RLIN) | 12230 |
| 650 #0 - SUBJECT ADDED ENTRY--TOPICAL TERM | |
| Topical term or geographic name as entry element | Chronically ill |
| General subdivision | Family relationships. |
| 9 (RLIN) | 12231 |
| 650 #0 - SUBJECT ADDED ENTRY--TOPICAL TERM | |
| Topical term or geographic name as entry element | Nurse and patient. |
| 9 (RLIN) | 12232 |
| 650 12 - SUBJECT ADDED ENTRY--TOPICAL TERM | |
| Topical term or geographic name as entry element | Chronic Disease |
| General subdivision | psychology. |
| 9 (RLIN) | 12233 |
| 650 22 - SUBJECT ADDED ENTRY--TOPICAL TERM | |
| Topical term or geographic name as entry element | Professional-Family Relations. |
| 9 (RLIN) | 12234 |
| 650 22 - SUBJECT ADDED ENTRY--TOPICAL TERM | |
| Topical term or geographic name as entry element | Professional-Patient Relations. |
| 9 (RLIN) | 12235 |
| 700 1# - ADDED ENTRY--PERSONAL NAME | |
| Personal name | Larsen, Pamala D., |
| Dates associated with a name | 1958- |
| 9 (RLIN) | 12236 |
| 700 1# - ADDED ENTRY--PERSONAL NAME | |
| Personal name | Lubkin, Ilene Morof, |
| Dates associated with a name | 1928- |
| 9 (RLIN) | 12237 |
| 942 ## - ADDED ENTRY ELEMENTS (KOHA) | |
| Source of classification or shelving scheme | Dewey Decimal Classification |
| Item type | Book - Borrowing |
| Withdrawn status | Item status | Source of classification or shelving scheme | Damaged status | Not for loan | Vendor | Home library | Current library | Shelving location | Date acquired | Source of acquisition | Cost, normal purchase price | Serial Enumeration / chronology | Total Checkouts | Total Renewals | Full call number | Barcode | Date last seen | Date last borrowed | Koha item type |
|---|---|---|---|---|---|---|---|---|---|---|---|---|---|---|---|---|---|---|---|
| Dewey Decimal Classification | Central Library | Central Library | First floor | 04/03/2010 | 276.00 | 3698 | 21 | 17 | 616.044 CHR | 000019833 | 15/07/2025 | 25/09/2016 | Book - Borrowing |